Troll Quiz - Statistics

General Stats
  • This quiz has been taken 4 times
  • The average score is 6 of 69
Answer Stats
Hint Answer % Correct
1+1 =2
75%
What colour is grey Grey
50%
Epstein island
50%
protein shake
50%
Are you scared of your mum yes
50%
how many push ups did you do today 0
25%
magnet attracts
25%
30x30 big
25%
anime hentai
25%
best anime jujutsu kaisen
25%
man vs woman who wins man
25%
the week nd
25%
apologise nooooo !!!
25%
jump then answer ok
25%
what question is this ? question 1
25%
apologise again sorry
25%
type tea for answer tea
25%
covid 19
0%
what is my lucky number 3656328676436346184536714276856745672476533475316431216412674673214
0%
name my favourite drink alcohol
0%
are you hungry always hungry
0%
name something germany berlin
0%
trump biden
0%
red bull blue bulls
0%
big BIG capital letters
0%
how do you fly eat birds
0%
will you go green environment
0%
did you like this quiz ERROR
0%
o-o = Glasses
0%
pele goat
0%
what dyu call humble women gods gift
0%
mc donalds ? had a farm eiiyaaiiiieiiiiyaiiii ooooooo
0%
DIE HAPPILY
0%
will you walk next to a girl i am insecure
0%
name the best tv show ever i can't
0%
did you jump i did
0%
am i mean i love you
0%
how are you im fine
0%
doughnut hole inappropriate
0%
giraffe vs kangaroo kangaroo wins
0%
what dyu call a kfc kentucky fried chicken
0%
what does a cow drink milk
0%
think how i think mind control
0%
do you like chicken Nah
0%
police woop woop nee naw
0%
are you alone Never
0%
what is art no clue
0%
is it good no it is not
0%
thomas the nonce
0%
panda express noodles
0%
NSFW North South Far West
0%
will you die one day
0%
echo oooooohhhhhh
0%
====== what is this pathway
0%
Drake P*do
0%
juice wlrd RIP
0%
bicycle save the planet
0%
CAN I SEEEEEE SEEEEEEEE
0%
nike shoes
0%
dyu wanna build a snowman stay at home
0%
drive thru takeaway
0%
elephant tanhpele
0%
if you get this right give up Thanks for playing
0%
what is in a museum things
0%
troll trolling
0%
how smart R U very smart
0%
what does a boat float on waters
0%
yayayayayaya yayayayayaya
0%
are you okay yes i am
0%
No matching quizzes found
Score Distribution
Percent of People with Each Score
Percentile by Number Answered
Your Score History
You have not taken this quiz